Sports Quiz

Random Sports or WWE Quiz

Wrestlers by their former ring names (clickable) II Quiz Stats

 Plays Quiz not verified by Sporcle

Also try: NFL Leaders (2012)
Challenge
Share
Tweet
Score 0/30 Timer 05:00
0 Plays Today
% Correct
Gregory Helms
87.2%
X-Pac
84.9%
Grand Master Sexay
84.4%
One Man Gang
81.5%
Hardcore Holly
80.5%
2 Cold Scorpio
79.7%
Chavo Guerrero Jr.
77.3%
Kevin Nash
77.1%
Marc Mero
73.2%
Keiji Mutoh
71.9%
Chris Candido
71.4%
Scotty 2 Hotty
71.1%
Raven
70.1%
Scott Hall
68.2%
Sting
67.2%
% Correct
Alex Wright
66.9%
Chris Jericho
65.1%
Tom Zenk
65.1%
The Ultimate Warrior
64.6%
Brian Lee
64.1%
Barry Windham
62.8%
Tony Atlas
61.2%
Tom Prichard
60.4%
Booker T
59.9%
Eddie Guerrero
59.9%
Stevie Ray
56.3%
Vader
55.5%
The Boogeyman
55.5%
Santino Marella
46.1%
Kensuke Sasaki
41.4%

You're not logged in!

Compare scores with friends on all Sporcle quizzes.
Join for Free
OR
Log In

You Might Also Like...

Show Comments

Extras

Top Quizzes Today


Score Distribution

Your Account Isn't Verified!

In order to create a playlist on Sporcle, you need to verify the email address you used during registration. Go to your Sporcle Settings to finish the process.

Report this User

Report this user for behavior that violates our Community Guidelines.

Details: